KOHA-Header-6

Digital Logic and Computer Design (Record no. 13148)

000 -LEADER
fixed length control field 00214nam a2200097Ia 4500
100 ## - MAIN ENTRY--AUTHOR NAME
Personal name M Morris Mano
245 #0 - TITLE STATEMENT
Title Digital Logic and Computer Design
260 ## - PUBLICATION, DISTRIBUTION, ETC. (IMPRINT)
Place of publication Canada
Name of publisher Pearson
Year of publication 2003
300 ## - PHYSICAL DESCRIPTION
Number of Pages 456
942 ## - ADDED ENTRY ELEMENTS (KOHA)
Koha item type Books
Holdings
Withdrawn status Lost status Collection code Permanent Location Current Location Shelving location Date acquired Full call number Accession Number Koha item type
    Electrical Engineering MAJU MAJU   2021-09-01 621.38 6161 Electrical Engineering

Powered by Koha